[Event "CAN-op"]
[Site "Edmonton CAN"]
[Date "2005.07.13"]
[Round "6.58"]
[White "Milne, Arthur"]
[Black "Cannon, Farley"]
[Result "1-0"]
[WhiteElo "1876"]
[BlackElo "1432"]
[PlyCount "55"]
[GameId "2160767910901840"]
[EventDate "2005.07.09"]
[EventType "swiss"]
[EventRounds "10"]
[EventCountry "CAN"]

1. c4 Nf6 2. g3 g6 3. Bg2 Bg7 4. Nc3 d6 5. e4 e5 6. Nge2 O-O 7. d3 Nc6 8. O-O Bg4 9. h3 Be6 10. Bg5 Qd7 11. Kh2 Qc8 12. Nd5 Bxd5 13. cxd5 Ne7 14. Qd2 c6 15. Rac1 Qd7 16. dxc6 Nxc6 17. Bh6 Rac8 18. Bxg7 Kxg7 19. d4 Rfd8 20. f4 exd4 21. Nxd4 Nxd4 22. Qxd4 Rxc1 23. Rxc1 b6 24. g4 Qe6 25. g5 Rd7 26. Rc8 h6 27. gxf6+ Qxf6 28. Rg8+ 1-0

[Event "CAN-op"]
[Site "Edmonton CAN"]
[Date "2005.07.13"]
[Round "6.59"]
[White "Lynn, Jim"]
[Black "Boot, Steven"]
[Result "1-0"]
[WhiteElo "1871"]
[BlackElo "1382"]
[PlyCount "31"]
[GameId "2160767910901841"]
[EventDate "2005.07.09"]
[EventType "swiss"]
[EventRounds "10"]
[EventCountry "CAN"]

1. a3 d5 2. Nf3 Nf6 3. g3 Bg4 4. Bg2 Nc6 5. d4 Bxf3 6. exf3 e5 7. dxe5 Nxe5 8. O-O Qd6 9. Bh3 Ned7 10. Re1+ Be7 11. Qe2 Ng8 12. Bf4 Qc6 13. Nc3 O-O-O 14. Nb5 Bc5 15. Bxc7 Rf8 16. Qe8+ 1-0

[Event "CAN-op"]
[Site "Edmonton CAN"]
[Date "2005.07.13"]
[Round "6.60"]
[White "Oberton, Daniel"]
[Black "Miller, Brian"]
[Result "0-1"]
[WhiteElo "1656"]
[BlackElo "1870"]
[PlyCount "52"]
[GameId "2160767910901842"]
[EventDate "2005.07.09"]
[EventType "swiss"]
[EventRounds "10"]
[EventCountry "CAN"]

1. e4 c5 2. d4 cxd4 3. c3 dxc3 4. Nxc3 e6 5. Bc4 Be7 6. Nf3 d6 7. O-O Nf6 8. Qe2 O-O 9. Rd1 Qc7 10. Be3 a6 11. a4 Nc6 12. Rac1 Rd8 13. Ba2 Bd7 14. Nd4 Qb8 15. Bb1 Nxd4 16. Bxd4 Bc6 17. e5 dxe5 18. Bxe5 Rxd1+ 19. Rxd1 Qe8 20. b3 Rd8 21. Rd3 Rxd3 22. Qxd3 g6 23. f3 Qd8 24. Qe2 Qa5 25. Nd1 Qb6+ 26. Qe3 Bc5 0-1

[Event "CAN-op"]
[Site "Edmonton CAN"]
[Date "2005.07.13"]
[Round "6.61"]
[White "Blum, Roger"]
[Black "Karmali, Hafiz"]
[Result "0-1"]
[WhiteElo "1618"]
[BlackElo "1867"]
[PlyCount "84"]
[GameId "2160767910901843"]
[EventDate "2005.07.09"]
[EventType "swiss"]
[EventRounds "10"]
[EventCountry "CAN"]

1. e4 e6 2. d4 d5 3. Nd2 c5 4. Ngf3 cxd4 5. Nxd4 Nf6 6. exd5 Nxd5 7. N2b3 Bd7 8. Be2 Nc6 9. O-O Rc8 10. c3 Bd6 11. Bf3 O-O 12. Bxd5 exd5 13. Nb5 Bb8 14. N5d4 Re8 15. Nf3 Bg4 16. h3 Bh5 17. g4 Bg6 18. Bg5 Qc7 19. Bh4 Be4 20. Bg3 Qe7 21. Bxb8 Rxb8 22. Re1 Qf6 23. Nbd2 Rbd8 24. Re3 h5 25. Qe2 hxg4 26. hxg4 Qg6 27. Nh2 f5 28. Re1 f4 29. Rh3 Bf5 30. Qxe8+ Rxe8 31. Rxe8+ Qxe8 32. gxf5 Qf7 33. c4 dxc4 34. Rc3 b5 35. a4 a6 36. axb5 axb5 37. Nhf3 Qxf5 38. b3 Ne5 39. bxc4 Nxc4 40. Nxc4 bxc4 41. Nd2 Qg4+ 42. Kh2 Qe2 0-1

[Event "CAN-op"]
[Site "Edmonton CAN"]
[Date "2005.07.13"]
[Round "6.63"]
[White "Culjaga, Marko"]
[Black "Panteluk, Steven"]
[Result "1-0"]
[WhiteElo "1435"]
[BlackElo "1773"]
[PlyCount "79"]
[GameId "2160767910901844"]
[EventDate "2005.07.09"]
[EventType "swiss"]
[EventRounds "10"]
[EventCountry "CAN"]

1. e4 e5 2. f4 exf4 3. Nf3 g5 4. h4 f6 5. Nxg5 h5 6. Nf3 d6 7. Bc4 Bg4 8. d4 Bh6 9. Nc3 Qe7 10. O-O a6 11. Nd5 Qd7 12. Bxf4 Nc6 13. Qd2 O-O-O 14. Bxh6 Rxh6 15. a3 Qg7 16. Kh1 f5 17. Ng5 Rf8 18. e5 dxe5 19. dxe5 Nxe5 20. Qc3 Rg6 21. Bb3 Rc6 22. Qd4 Rd6 23. Rfe1 Re8 24. Re3 c6 25. Qc3 Kb8 26. Nb4 f4 27. Re4 f3 28. gxf3 Bxf3+ 29. Nxf3 Red8 30. Qxe5 Nf6 31. Nd3 Ka8 32. Rg1 Qd7 33. Be6 Rxe6 34. Qxe6 Nxe4 35. Qxe4 Re8 36. Qf4 Qh3+ 37. Nh2 Re2 38. Rg8+ Ka7 39. Qd4+ b6 40. Qg7+ 1-0

[Event "CAN-op"]
[Site "Edmonton CAN"]
[Date "2005.07.13"]
[Round "6.64"]
[White "Gorelik, Lev"]
[Black "MacLeod, Damon"]
[Result "1-0"]
[WhiteElo "2147"]
[BlackElo "1601"]
[PlyCount "41"]
[GameId "2160767910901845"]
[EventDate "2005.07.09"]
[EventType "swiss"]
[EventRounds "10"]
[EventCountry "CAN"]

1. e4 e5 2. Nf3 Nc6 3. Bb5 Nf6 4. d3 Bc5 5. O-O d6 6. Bg5 h6 7. Be3 Bxe3 8. fxe3 Bg4 9. Qe1 a6 10. Ba4 b5 11. Bb3 Qd7 12. Nc3 Na5 13. Nd5 Nxb3 14. axb3 Nxd5 15. exd5 c5 16. Qg3 g5 17. Nxe5 Qe7 18. Nxg4 h5 19. Nf6+ Kd8 20. Qxg5 Kc7 21. Ne4 1-0

[Event "CAN-op"]
[Site "Edmonton CAN"]
[Date "2005.07.13"]
[Round "6.65"]
[White "Nikouline, Alexandre"]
[Black "Corsmeier, Tom"]
[Result "1-0"]
[WhiteElo "1947"]
[BlackElo "1598"]
[PlyCount "92"]
[GameId "2160767910901846"]
[EventDate "2005.07.09"]
[EventType "swiss"]
[EventRounds "10"]
[EventCountry "CAN"]

1. e4 e6 2. d4 d5 3. e5 c5 4. c3 Nc6 5. Be3 Qb6 6. Qd2 Bd7 7. Nf3 Rc8 8. Be2 cxd4 9. cxd4 Bb4 10. Nc3 Na5 11. O-O Nc4 12. Bxc4 Rxc4 13. Rfc1 Ne7 14. a3 Bxc3 15. Rxc3 Rxc3 16. Qxc3 O-O 17. Bg5 f6 18. exf6 gxf6 19. Bh6 Rc8 20. Qd2 Nf5 21. h3 Kf7 22. Rc1 Rxc1+ 23. Qxc1 Kg6 24. Bf8 Qd8 25. Nh4+ Kf7 26. Nxf5 Qxf8 27. Qc7 exf5 28. Qxd7+ Kg6 29. Qxd5 b6 30. Qe6 Qf7 31. Qxf7+ Kxf7 32. Kf1 Ke6 33. Ke2 Kd6 34. Ke3 Kd5 35. a4 a6 36. Kf4 b5 37. axb5 axb5 38. Kxf5 b4 39. Kxf6 Kxd4 40. f4 b3 41. Ke6 Kd3 42. f5 Kc2 43. f6 Kxb2 44. f7 Ka2 45. f8=Q b2 46. Qf2 Ka1 1-0

[Event "CAN-op"]
[Site "Edmonton CAN"]
[Date "2005.07.13"]
[Round "6.66"]
[White "MacKinnon, Keith"]
[Black "Peterson, Curtis"]
[Result "0-1"]
[WhiteElo "1592"]
[BlackElo "1884"]
[PlyCount "30"]
[GameId "2160767910901847"]
[EventDate "2005.07.09"]
[EventType "swiss"]
[EventRounds "10"]
[EventCountry "CAN"]

1. e4 e5 2. Nf3 Nc6 3. Bb5 a6 4. Bxc6 dxc6 5. O-O Bg4 6. h3 h5 7. d3 Bc5 8. Nbd2 b5 9. Re1 Qf6 10. Nb3 Bb6 11. Nbd2 Ne7 12. c3 Ng6 13. Qc2 Nf4 14. d4 Bxh3 15. gxh3 Qg6+ 0-1

[Event "CAN-op"]
[Site "Edmonton CAN"]
[Date "2005.07.13"]
[Round "6.68"]
[White "Raymer, Elliot"]
[Black "Cashin, Ken"]
[Result "0-1"]
[WhiteElo "1574"]
[BlackElo "1761"]
[PlyCount "166"]
[GameId "2160767910901848"]
[EventDate "2005.07.09"]
[EventType "swiss"]
[EventRounds "10"]
[EventCountry "CAN"]

1. e4 c5 2. d4 cxd4 3. c3 Nf6 4. e5 Ng8 5. cxd4 e6 6. Nf3 Ne7 7. Nc3 Nbc6 8. Bg5 Qb6 9. Rb1 h6 10. Be3 Nf5 11. Be2 Nxe3 12. fxe3 Be7 13. O-O O-O 14. Kh1 d6 15. exd6 Bxd6 16. Ne4 Be7 17. Nfd2 Qd8 18. Bc4 a6 19. Qh5 b5 20. Bb3 Bd7 21. Rf3 Na5 22. Rbf1 Nxb3 23. axb3 Be8 24. Rg3 Kh7 25. Qe2 Rc8 26. Qd3 f5 27. Nc3 Bc6 28. e4 b4 29. exf5 exf5 30. Rxf5 Kh8 31. Rxf8+ Qxf8 32. Ne2 Bg5 33. Nc4 Bh4 34. Ne5 Qf1+ 35. Ng1 Qxd3 36. Rxd3 Be4 37. Rd2 Rc1 38. d5 Kh7 39. d6 Bd8 40. Nc4 Bb7 41. Rf2 Kg8 42. Re2 Kf7 43. d7 Rd1 44. Ne5+ Ke7 45. h3 Bd5 46. Nc6+ Kxd7 47. Nxb4 Bxb3 48. Re3 Bc4 49. Rc3 Bb5 50. Kh2 Bc7+ 51. g3 Rd2+ 52. Kh1 Rxb2 53. Nc2 Bb6 54. Nf3 Bc6 55. Kg2 a5 56. g4 a4 57. Kg3 Bc7+ 58. Kf2 a3 59. Nfd4 Be4 60. Ke3 Bxc2 61. Nxc2 a2 62. Na1 Rb1 63. Nc2 Be5 64. Ra3 a1=Q 65. Nxa1 Rxa1 66. Rd3+ Ke6 67. h4 Rc1 68. Ke2 Rc3 69. Rd2 Rg3 70. Rd1 Rxg4 71. Rh1 h5 72. Kf3 Kf5 73. Rh3 Bf6 74. Rh1 Rxh4 75. Rb1 Re4 76. Rb5+ Re5 77. Rb1 g5 78. Rh1 h4 79. Kf2 g4 80. Kg2 Re2+ 81. Kf1 Ra2 82. Kg1 Bd4+ 83. Kf1 Ra1+ 0-1

[Event "CAN-op"]
[Site "Edmonton CAN"]
[Date "2005.07.13"]
[Round "6.69"]
[White "Goodman, Kevin"]
[Black "Meller, Marvin"]
[Result "1-0"]
[WhiteElo "1740"]
[BlackElo "1561"]
[PlyCount "57"]
[GameId "2160767910901849"]
[EventDate "2005.07.09"]
[EventType "swiss"]
[EventRounds "10"]
[EventCountry "CAN"]

1. c4 e5 2. Nc3 c6 3. Nf3 d6 4. g3 Bg4 5. Bg2 h6 6. d4 Nd7 7. h3 Be6 8. b3 Ne7 9. Ba3 Qa5 10. Qc1 e4 11. b4 Qf5 12. Nh4 Qh7 13. Nxe4 Nf5 14. Nxf5 Bxf5 15. Nc3 Be7 16. O-O O-O 17. e4 Bg6 18. f4 f5 19. e5 dxe5 20. dxe5 Rfe8 21. b5 Nc5 22. bxc6 Ne4 23. Bxe7 Rxe7 24. Qa3 Rc7 25. Nd5 Rf7 26. e6 Rff8 27. e7 Rf7 28. cxb7 Rb8 29. Qxa7 1-0

[Event "CAN-op"]
[Site "Edmonton CAN"]
[Date "2005.07.13"]
[Round "6.70"]
[White "Me, Kevin"]
[Black "Breel, Kevin"]
[Result "1-0"]
[WhiteElo "1737"]
[BlackElo "1544"]
[PlyCount "61"]
[GameId "2160767910901850"]
[EventDate "2005.07.09"]
[EventType "swiss"]
[EventRounds "10"]
[EventCountry "CAN"]

1. e4 c6 2. d4 d5 3. Nc3 dxe4 4. Nxe4 Bf5 5. Ng3 Bg6 6. h4 h6 7. Nf3 Nd7 8. h5 Bh7 9. Bd3 Bxd3 10. Qxd3 Qc7 11. Bd2 Ngf6 12. O-O-O O-O-O 13. Ne4 e6 14. g3 Nxe4 15. Qxe4 Bd6 16. c4 Nf6 17. Qc2 c5 18. Bc3 cxd4 19. Bxd4 e5 20. Be3 Kb8 21. c5 Qa5 22. Kb1 Bc7 23. Qf5 e4 24. Ne5 Rhf8 25. Rxd8+ Rxd8 26. Nxf7 Rd5 27. Qe6 Qb5 28. Rc1 Qd3+ 29. Ka1 Bxg3 30. Nd6 Bxd6 31. cxd6 1-0

[Event "CAN-op"]
[Site "Edmonton CAN"]
[Date "2005.07.13"]
[Round "6.71"]
[White "Marshall, Jim"]
[Black "Hagan, Jeff"]
[Result "1/2-1/2"]
[WhiteElo "1726"]
[BlackElo "1538"]
[PlyCount "91"]
[GameId "2160767910901851"]
[EventDate "2005.07.09"]
[EventType "swiss"]
[EventRounds "10"]
[EventCountry "CAN"]

1. e4 c6 2. d4 d5 3. Nc3 dxe4 4. Nxe4 Bf5 5. Ng3 Bg6 6. Nf3 Nd7 7. Bd3 Bxd3 8. Qxd3 Ngf6 9. O-O e6 10. Re1 Be7 11. c4 h6 12. b3 O-O 13. Bd2 c5 14. Bc3 Re8 15. Rad1 Rc8 16. Ne4 Qc7 17. h3 Nxe4 18. Qxe4 Nf6 19. Qc2 Rcd8 20. Rd3 Nd7 21. d5 exd5 22. Rxd5 Bf6 23. Rxe8+ Rxe8 24. Qd3 Nb6 25. Ba5 Rd8 26. Rxd8+ Qxd8 27. Qxd8+ Bxd8 28. Ne5 Bf6 29. Nd3 Nd7 30. Bc7 Kf8 31. Kf1 Ke7 32. Nf4 Be5 33. Nd5+ Ke6 34. Ba5 b6 35. Bd2 Nf6 36. Nf4+ Kd6 37. Nd3 Nd7 38. Nxe5 Nxe5 39. Ke2 Ke6 40. Ke3 h5 41. f4 Nd7 42. g4 hxg4 43. hxg4 f5 44. g5 g6 45. Bc3 Kd6 46. Kd3 1/2-1/2

[Event "CAN-op"]
[Site "Edmonton CAN"]
[Date "2005.07.13"]
[Round "6.72"]
[White "Faust, Steven"]
[Black "Roberts, Richard"]
[Result "1-0"]
[WhiteElo "1722"]
[BlackElo "1533"]
[PlyCount "61"]
[GameId "2160767910901852"]
[EventDate "2005.07.09"]
[EventType "swiss"]
[EventRounds "10"]
[EventCountry "CAN"]

1. Nf3 Nc6 2. d4 d5 3. g3 e6 4. Bg2 Be7 5. O-O Nf6 6. b3 b6 7. Bb2 Bb7 8. Nbd2 O-O 9. e3 a5 10. c4 Ba6 11. Re1 Nb4 12. Ne5 Qe8 13. a3 Nc6 14. Rc1 Nxe5 15. dxe5 Nd7 16. cxd5 Rc8 17. dxe6 fxe6 18. Bc6 Qf7 19. f4 Nc5 20. Nc4 Qg6 21. b4 Ne4 22. b5 Nxg3 23. hxg3 Qxg3+ 24. Kf1 Rxf4+ 25. exf4 Rf8 26. Re3 Rxf4+ 27. Rf3 Qh3+ 28. Ke2 Qh2+ 29. Kd3 Rh4 30. bxa6 Bc5 31. a7 1-0

[Event "CAN-op"]
[Site "Edmonton CAN"]
[Date "2005.07.13"]
[Round "6.73"]
[White "Harrop, Breagan"]
[Black "Masson, Richard"]
[Result "0-1"]
[WhiteElo "1568"]
[BlackElo "1712"]
[PlyCount "74"]
[GameId "2160767910901853"]
[EventDate "2005.07.09"]
[EventType "swiss"]
[EventRounds "10"]
[EventCountry "CAN"]

1. c4 Nf6 2. g3 g6 3. b3 d5 4. Bg2 Bg7 5. Bb2 dxc4 6. bxc4 O-O 7. d3 c5 8. Nf3 Nc6 9. Ne5 Nd4 10. Bxd4 Qxd4 11. Nf3 Qxa1 12. Qb3 Nd7 13. O-O Qb2 14. Nbd2 Qxb3 15. axb3 Ne5 16. Ng5 h6 17. Nge4 Nd7 18. Ra1 Bxa1 19. f3 b6 20. f4 Rb8 21. Kf2 Bb7 22. h3 Nf6 23. Nxf6+ Bxf6 24. e4 Bc3 25. Nf1 Rfd8 26. Ke3 Rd7 27. Nh2 f5 28. Bf1 fxe4 29. dxe4 Rbd8 30. Ng4 Kg7 31. f5 gxf5 32. exf5 Bd2+ 33. Ke2 Bc1 34. Ne5 Rd2+ 35. Ke1 Rd1+ 36. Ke2 R8d2+ 37. Ke3 Ra2# 0-1

[Event "CAN-op"]
[Site "Edmonton CAN"]
[Date "2005.07.13"]
[Round "6.74"]
[White "Smith, Maurice"]
[Black "Achtemichuk, Chris"]
[Result "0-1"]
[WhiteElo "1708"]
[BlackElo "1514"]
[PlyCount "122"]
[GameId "2160767910901854"]
[EventDate "2005.07.09"]
[EventType "swiss"]
[EventRounds "10"]
[EventCountry "CAN"]

1. d4 Nf6 2. c4 e6 3. Nf3 c5 4. d5 exd5 5. cxd5 d6 6. Nc3 Bf5 7. Bg5 Be7 8. e3 a6 9. Qa4+ Nbd7 10. Be2 h6 11. Bh4 b5 12. Qd1 O-O 13. O-O Nb6 14. Bxf6 Bxf6 15. Bd3 Bg4 16. Be2 Re8 17. Re1 Ra7 18. h3 Bd7 19. Rc1 b4 20. Nb1 Bxb2 21. Rc2 Ba4 22. Qd2 Bxc2 23. Qxc2 Qf6 24. Rd1 Rc8 25. Nbd2 Ba3 26. Qe4 Re7 27. Qg4 Qb2 28. Kf1 Qxa2 29. Nc4 Nxc4 30. Qxc8+ Kh7 31. Qf5+ g6 32. Qf6 Rd7 33. Nh4 Bb2 34. Qf4 Be5 35. Qg4 Nb6 36. Bd3 Kh8 37. f4 Bf6 38. Nxg6+ fxg6 39. Qxg6 Qb2 40. Qxh6+ Kg8 41. Qg6+ Kf8 42. Qh6+ Rg7 43. g4 Nxd5 44. f5 Qe5 45. Re1 Kg8 46. Bc4 Bg5 47. Qh5 Kf8 48. Qh8+ Kf7 49. e4 Qf4+ 50. Kg1 Qg3+ 51. Kf1 Qf3+ 52. Kg1 Be3+ 53. Rxe3 Qxe3+ 54. Kh2 Qd2+ 55. Kg3 Qc3+ 56. Kh2 Qe5+ 57. Kh1 Qxe4+ 58. Kh2 Qxc4 59. Qh5+ Ke7 60. Qh4+ Nf6 61. Qh6 Qxg4 0-1

[Event "CAN-op"]
[Site "Edmonton CAN"]
[Date "2005.07.13"]
[Round "6.75"]
[White "Lacroix, Peter"]
[Black "Blackwell, Ross"]
[Result "0-1"]
[WhiteElo "1688"]
[BlackElo "1476"]
[PlyCount "56"]
[GameId "2160767910901855"]
[EventDate "2005.07.09"]
[EventType "swiss"]
[EventRounds "10"]
[EventCountry "CAN"]

1. f4 d5 2. b3 Nf6 3. Nf3 e6 4. e3 c5 5. Bb2 Nc6 6. Bb5 Bd7 7. O-O Bd6 8. d3 O-O 9. Nbd2 Ng4 10. Qe1 d4 11. exd4 Bxf4 12. Qe4 Be3+ 13. Kh1 Nf2+ 14. Rxf2 Bxf2 15. dxc5 a6 16. Bxc6 Bxc6 17. Qe5 Qf6 18. Nc4 Qxe5 19. Nfxe5 Bxc5 20. Na5 Rac8 21. Rf1 f6 22. Ng4 e5 23. h4 Ba7 24. Nc4 b5 25. Nd6 Bxg2+ 26. Kxg2 Rxc2+ 27. Rf2 Bxf2 28. Nxf2 Rxb2 0-1

[Event "CAN-op"]
[Site "Edmonton CAN"]
[Date "2005.07.13"]
[Round "6.76"]
[White "Baser, Arthur"]
[Black "Thomson, Bruce"]
[Result "0-1"]
[WhiteElo "1560"]
[BlackElo "1676"]
[PlyCount "64"]
[GameId "2160767910901856"]
[EventDate "2005.07.09"]
[EventType "swiss"]
[EventRounds "10"]
[EventCountry "CAN"]

1. e4 e6 2. d4 d5 3. e5 c5 4. c3 Nc6 5. Nf3 Qb6 6. Bd3 Bd7 7. O-O cxd4 8. Bc2 dxc3 9. Nxc3 Nge7 10. Re1 Ng6 11. a3 a6 12. b4 Be7 13. Be3 Qc7 14. Bd4 Nxd4 15. Qxd4 Rc8 16. Re3 O-O 17. Rc1 f6 18. Bxg6 hxg6 19. Qg4 g5 20. h4 f5 21. Qd4 Qd8 22. hxg5 Bxg5 23. Nxg5 Qxg5 24. Rce1 Rc4 25. Qd2 Bc6 26. Qb2 d4 27. Rg3 Rxc3 28. Qxc3 dxc3 29. Rxg5 c2 30. Rg3 Rd8 31. Rc3 Rd1 32. Kf1 Bb5+ 0-1

[Event "CAN-op"]
[Site "Edmonton CAN"]
[Date "2005.07.13"]
[Round "6.77"]
[White "Steer, David"]
[Black "Deimert, Elroy"]
[Result "0-1"]
[WhiteElo "1532"]
[BlackElo "1666"]
[PlyCount "50"]
[GameId "2160767910901857"]
[EventDate "2005.07.09"]
[EventType "swiss"]
[EventRounds "10"]
[EventCountry "CAN"]

1. e4 c5 2. Nf3 Nc6 3. d4 cxd4 4. Nxd4 g6 5. Nxc6 bxc6 6. Bc4 Bg7 7. Qf3 e6 8. c3 d5 9. exd5 cxd5 10. O-O Ne7 11. Bg5 O-O 12. Rd1 Bd7 13. Bb3 Rb8 14. Bf6 Bxf6 15. Qxf6 Nf5 16. Qe5 a5 17. Qe2 a4 18. Bc2 Rxb2 19. Na3 Qe7 20. g4 Qxa3 21. gxf5 Qxc3 22. Rdc1 gxf5 23. Qh5 Rxc2 24. Qg5+ Kh8 25. Re1 Rg8 0-1

[Event "CAN-op"]
[Site "Edmonton CAN"]
[Date "2005.07.13"]
[Round "6.78"]
[White "Panjwani, Dilip"]
[Black "O'Brien, Sandy"]
[Result "0-1"]
[WhiteElo "1662"]
[BlackElo "1392"]
[PlyCount "128"]
[GameId "2160767910901858"]
[EventDate "2005.07.09"]
[EventType "swiss"]
[EventRounds "10"]
[EventCountry "CAN"]

1. e4 e5 2. Nf3 Nc6 3. d4 exd4 4. Bc4 Nf6 5. O-O Be7 6. Re1 d6 7. Nxd4 Bd7 8. Nc3 O-O 9. Nd5 Ne5 10. Nxe7+ Qxe7 11. Nf5 Qd8 12. Bd5 c6 13. Bb3 Bxf5 14. exf5 Re8 15. Bg5 h6 16. Bh4 d5 17. c3 Ned7 18. Qd2 Qb6 19. Qd4 Qxd4 20. cxd4 Ne4 21. f3 Nd2 22. Bc2 Nc4 23. b3 Nd6 24. a4 f6 25. Bg3 Nf7 26. Re6 Ng5 27. Ree1 c5 28. h4 Nf7 29. Re6 cxd4 30. Rae1 Kf8 31. Bf2 Nc5 32. Rxe8+ Rxe8 33. Rxe8+ Kxe8 34. Bxd4 b6 35. a5 Kd7 36. Kf2 Kd6 37. axb6 axb6 38. Kg3 Ne5 39. f4 Nc6 40. Bf2 Nb4 41. Bd1 Ne4+ 42. Kf3 Nxf2 43. Kxf2 d4 44. g4 Kc5 45. g5 Nd5 46. Kf3 Kb4 47. Kg3 Ne3 48. Be2 Kxb3 49. Kf3 Kb4 50. Ke4 Kc5 51. Kd3 b5 52. Kd2 b4 53. Kc1 Nxf5 54. gxh6 gxh6 55. h5 Kd5 56. Bd3 Ng3 57. Bg6 Kc4 58. Kd2 Nf1+ 59. Ke2 Ne3 60. Bf7+ Kc3 61. Bg6 f5 62. Bf7 b3 63. Bxb3 Kxb3 64. Kd3 Nc2 0-1

[Event "CAN-op"]
[Site "Edmonton CAN"]
[Date "2005.07.13"]
[Round "6.79"]
[White "Miller, Mike"]
[Black "Palcic, Branko"]
[Result "1-0"]
[WhiteElo "1661"]
[BlackElo "1433"]
[PlyCount "124"]
[GameId "2160767910901859"]
[EventDate "2005.07.09"]
[EventType "swiss"]
[EventRounds "10"]
[EventCountry "CAN"]

1. d4 e6 2. c4 f5 3. g3 Nf6 4. Bg2 c6 5. Qc2 g6 6. b3 Bg7 7. Bb2 O-O 8. e3 Qe8 9. Nf3 d6 10. O-O Nbd7 11. Nbd2 Rb8 12. Rab1 b6 13. Rfe1 Bb7 14. e4 fxe4 15. Nxe4 Nxe4 16. Qxe4 e5 17. dxe5 c5 18. Qe2 Bxf3 19. Bxf3 Nxe5 20. Bg2 Qd7 21. f4 Nc6 22. Bd5+ Kh8 23. Bxg7+ Kxg7 24. Bxc6 Qxc6 25. Qd3 Rfe8 26. Rbd1 Rxe1+ 27. Rxe1 Re8 28. Re3 Kh6 29. a3 Rxe3 30. Qxe3 d5 31. f5+ Kg7 32. Qe5+ Qf6 33. Qc7+ Kh6 34. cxd5 Qd4+ 35. Kf1 Qxd5 36. fxg6 hxg6 37. Qf4+ Qg5 38. Qf8+ Kh5 39. Qf3+ Qg4 40. Qd3 Qf5+ 41. Qxf5+ gxf5 42. Kg2 b5 43. Kf3 a5 44. h4 c4 45. bxc4 b4 46. axb4 a4 47. b5 a3 48. b6 a2 49. b7 a1=Q 50. b8=Q Qf1+ 51. Ke3 Qe1+ 52. Kd4 Qe4+ 53. Kc5 Qe3+ 54. Kc6 Qe4+ 55. Kd6 Qd4+ 56. Ke6 Qxc4+ 57. Kxf5 Qf7+ 58. Ke4 Qg6+ 59. Kd4 Kh6 60. Qf4+ Kg7 61. h5 Qxh5 62. Qe5+ Kg6 1-0

[Event "CAN-op"]
[Site "Edmonton CAN"]
[Date "2005.07.13"]
[Round "6.80"]
[White "Chi, Megan"]
[Black "Beebe, Greg"]
[Result "0-1"]
[WhiteElo "1502"]
[BlackElo "1637"]
[PlyCount "98"]
[GameId "2160767910901860"]
[EventDate "2005.07.09"]
[EventType "swiss"]
[EventRounds "10"]
[EventCountry "CAN"]

1. d4 Nf6 2. c4 g6 3. Nc3 Bg7 4. e4 d6 5. Nf3 O-O 6. Be2 c5 7. d5 Nbd7 8. O-O Nb6 9. Ne1 e6 10. Be3 exd5 11. exd5 Re8 12. Bd3 Ng4 13. Bd2 Ne5 14. b3 a6 15. Rc1 Bg4 16. Qc2 Qh4 17. Be3 Nbd7 18. f3 Nxd3 19. Qxd3 Bf5 20. Qd2 Rxe3 21. Kh1 Be5 22. g4 Rxc3 23. Rxc3 Bxc3 24. Qxc3 Bxg4 25. fxg4 Qxg4 26. Qe3 Ne5 27. Qf2 Qe4+ 28. Kg1 Qd4 29. Qxd4 cxd4 30. Rf4 d3 31. Rd4 Re8 32. Kf1 f5 33. Nxd3 Nf3 34. Rf4 Nxh2+ 35. Kf2 Ng4+ 36. Kf1 h5 37. Rd4 Kf7 38. Nf4 Re4 39. Rxe4 fxe4 40. Ke2 Kf6 41. Ng2 Ke5 42. a3 Kd4 43. Nf4 Ne5 44. Ne6+ Kc3 45. Nd8 Kxb3 46. Nxb7 Nxc4 47. Nd8 Kxa3 48. Ne6 h4 49. Nf4 g5 0-1

[Event "CAN-op"]
[Site "Edmonton CAN"]
[Date "2005.07.13"]
[Round "6.84"]
[White "Camphaug, Lincoln"]
[Black "Tuason, Alfred"]
[Result "1-0"]
[WhiteElo "1602"]
[BlackElo "1356"]
[PlyCount "109"]
[GameId "2160767910901862"]
[EventDate "2005.07.09"]
[EventType "swiss"]
[EventRounds "10"]
[EventCountry "CAN"]

1. e4 e6 2. d4 d5 3. Nc3 a6 4. e5 c5 5. Nf3 Nc6 6. Be3 Qb6 7. Rb1 Bd7 8. Na4 Qc7 9. Nxc5 Bxc5 10. dxc5 Nxe5 11. Nxe5 Qxe5 12. Be2 Qc7 13. O-O Nf6 14. Re1 O-O 15. b4 Ne4 16. Bd4 Bc6 17. Bd3 Rae8 18. f4 Qxf4 19. Rf1 Qc7 20. Rf3 e5 21. Bb2 Bb5 22. Bxb5 axb5 23. Qxd5 Qc6 24. Rd1 Nf6 25. Qxc6 bxc6 26. Rd6 Re6 27. Rxe6 fxe6 28. Bxe5 Nd5 29. Rxf8+ Kxf8 30. a3 Ke7 31. Bxg7 Kf7 32. Bd4 Kg6 33. Kf2 Kf5 34. Kf3 e5 35. g4+ Ke6 36. Bb2 Nf6 37. g5 Nd7 38. Ke4 Nf8 39. Bxe5 Ng6 40. Bg3 Ne7 41. h4 Nf5 42. Bf2 Ng7 43. Be1 Nh5 44. c4 bxc4 45. a4 Ng7 46. Kd4 Nf5+ 47. Kxc4 Ne3+ 48. Kd3 Nd5 49. Ke4 Nc7 50. Kd4 Kf5 51. Kc4 Ke6 52. b5 cxb5+ 53. axb5 Kd7 54. c6+ Kc8 55. Bg3 1-0

[Event "CAN-op"]
[Site "Edmonton CAN"]
[Date "2005.07.13"]
[Round "6.85"]
[White "Robertson, Trevor"]
[Black "Pradzinski, Tim"]
[Result "0-1"]
[WhiteElo "1597"]
[BlackElo "1894"]
[PlyCount "118"]
[GameId "2160767910901863"]
[EventDate "2005.07.09"]
[EventType "swiss"]
[EventRounds "10"]
[EventCountry "CAN"]

1. d4 d5 2. c4 e5 3. e3 exd4 4. exd4 Nf6 5. Nf3 Bg4 6. Be2 Bb4+ 7. Nc3 Nc6 8. a3 Bxc3+ 9. bxc3 h6 10. O-O O-O 11. Ne5 Bxe2 12. Qxe2 Re8 13. Bf4 Ne4 14. Nxc6 bxc6 15. cxd5 Nxc3 16. Qg4 Ne2+ 17. Kh1 Nxf4 18. Qxf4 cxd5 19. Rfe1 Rxe1+ 20. Rxe1 Rb8 21. Qe3 Qf6 22. g3 Rb6 23. Rc1 Re6 24. Qf4 Qxf4 25. gxf4 Re4 26. Rxc7 Rxf4 27. Rxa7 Rxd4 28. Kg2 g6 29. a4 Kg7 30. a5 Ra4 31. a6 Ra3 32. Ra8 d4 33. a7 Kf6 34. Kf1 d3 35. Rd8 Rxa7 36. Rxd3 h5 37. Kg2 Ra4 38. h3 Re4 39. Kg3 Kg5 40. Rf3 f5 41. Rd3 Rf4 42. Kg2 Kh4 43. Rc3 g5 44. Rd3 Rc4 45. Rf3 f4 46. Rd3 g4 47. hxg4 hxg4 48. Rd2 Rc3 49. Rd7 Rc5 50. Rd3 f3+ 51. Kg1 Rc1+ 52. Kh2 Rc2 53. Kg1 Kh3 54. Rd1 g3 55. fxg3 Kxg3 56. Kf1 Rh2 57. Ke1 Rh1+ 58. Kd2 Rxd1+ 59. Kxd1 Kg2 0-1

[Event "CAN-op"]
[Site "Edmonton CAN"]
[Date "2005.07.13"]
[Round "6.86"]
[White "Escandor, Manuel Omana"]
[Black "Jones, Avery"]
[Result "1-0"]
[WhiteElo "1787"]
[BlackElo "1582"]
[PlyCount "73"]
[GameId "2160767910901864"]
[EventDate "2005.07.09"]
[EventType "swiss"]
[EventRounds "10"]
[EventCountry "CAN"]

1. e4 c6 2. d4 d5 3. exd5 cxd5 4. Nc3 Nf6 5. Nf3 Bg4 6. Be2 e6 7. h3 Bh5 8. Bf4 a6 9. O-O Be7 10. a3 O-O 11. Qd2 Nc6 12. Rae1 Bxf3 13. Bxf3 Qb6 14. Qc1 Nxd4 15. Bxd5 Nf5 16. Be4 Nxe4 17. Rxe4 Rfd8 18. Rfe1 Rd7 19. Be3 Qc7 20. Rg4 Rad8 21. Bf4 Qc6 22. Bg5 f6 23. Bh4 Rd2 24. Bxf6 Kf8 25. Bxe7+ Kxe7 26. Ne4 R2d5 27. c4 Rd4 28. Ng3 Kf8 29. Nxf5 Rxg4 30. hxg4 exf5 31. gxf5 Qf6 32. g4 Rc8 33. b3 h6 34. Qe3 Qf7 35. Qe5 Kg8 36. Qd6 Qc7 37. Qe6+ 1-0